| 000 | 01003nam a2200229Ii 4500 | ||
|---|---|---|---|
| 003 | JO-AjNU | ||
| 008 | 230605s9999||||xx |||||||||||||| ||und|| | ||
| 017 | _a2013/4/1266 | ||
| 020 | _a978-9957-83-233-9 | ||
| 040 |
_aJO-AjNU _bara _erda _cJO-AjNU |
||
| 041 | _aara | ||
| 050 | 1 | 4 | _aHF5686.H75.M333 2014 |
| 100 | 3 |
_aتأليف درادكة، حمزة عبدالحليم ،م.مشارك: حمزة عبدالرزاق العلوان، مروان محمد ابو رحمة، مصطفى يوسف كافي, _eauthor _951133 |
|
| 245 | 0 | 0 | _aمبادىء محاسبة المنشآت السياحية والفندقية |
| 250 | _aط1 العربية | ||
| 264 | 3 | 1 | _aعمان: دار الاعصار العلمي للنشر والتوزيع، مكتبة المجتمع العربي للنشر والتوزيع، 2014 |
| 300 | _a365ص | ||
| 336 |
_atext _btxt _2rdacontent |
||
| 337 |
_aunmediated _bn _2rdamedia |
||
| 338 |
_avolume _bnc _2rdacarrier |
||
| 650 | 4 |
_aالمحاسبة - السياحة _951134 |
|
| 999 |
_aA22567 _c26135 _d26135 |
||